LEADER 02464nam0 2200541 i 450 001 SBL0508157 005 20251003044355.0 020 $aIT$b603874 100 $a20020114d1960 ||||0itac50 ba 101 | $aita 102 $ait 181 1$6z01$ai $bxxxe 182 1$6z01$an 200 1 $aEconomie capitalistiche ed economie pianificate$fPaolo Sylos-Labini 210 $aBari$cLaterza$d1960 215 $a246 p.$d21 cm. 225 | $aLibri del tempo Laterza$v59 314 $aSC/ 08/11/03 SC/ 08/11/03 SC/UBO 11/01/96$9CFIV002360 410 0$1001CFI0002018$12001 $aLibri del tempo Laterza$v59 606 $aEconomia$2FIR$3CFIC000524$9E 606 $aCapitalismo$2FIR$3CFIC001630$9E 676 $a330.1$9ECONOMIA. Sistemi e teorie$v20 676 $a330.12$9SISTEMI ECONOMICI$v12 676 $a330.12$9ECONOMIA. SISTEMI$v21 676 $a330.12$9SISTEMI ECONOMICI$v23 676 $a330.122$9ECONOMIA DEL LAVORO. Economia della libera impresa$v20 676 $a330.4$9$v21 686 $a33.2$cPROGRAMMI DI RICOSTRUZIONE ECONOMICA 1945-1968$2R 686 $a33.4$cECONOMIE PIANIFICATE 1945-1968$2R 686 $aX09.0$cSCIENZE ECONOMICO-SOCIALI$2R 686 $aX31.0$cSVILUPPO ECONOMICO$2R 696 $aEconomia reale$aAttivitą economiche$aAspetti economici 696 $aNeocapitalismo 699 $aEconomia$yEconomia reale 699 $aEconomia$zAttivitą economiche 699 $aEconomia$zAspetti economici 699 $aCapitalismo$zNeocapitalismo 700 1$aSylos Labini$b, Paolo$3CFIV002360$4070$0183308 801 3$aIT$bIT-000000$c20020114 850 $aIT-BN0095 $aIT-NA0299 $aIT-NA0581 901 $bNAP AG$cF.AVOLIO $n$ 901 $bNAP FC$cFONDO $n$ 901 $bNAP 01$cPOZZO LIB.$nVi sono collocati fondi di economia, periodici di ingegneria e scienze, periodici di economia e statistica e altri fondi comprendenti documenti di economia pervenuti in dono. 912 $aSBL0508157 950 0$aBiblioteca Centralizzata di Ateneo$c1 v. in due copie$d 01POZZO LIB.ECON MON 5185$e 0101 0000277625E VMA 1 v.$fB $h20210407$i20210407$c1 v. in due copie$d 01POZZO LIB.ECON MON 5185$e 0101 0000291835E VMA (bis 1 v. (2. copia)$fB $h20210401$i20210401 977 $a 01$a AG$a FC 996 $aEconomie capitalistiche ed economie pianificate$9491805 997 $aUNISANNIO